000 00909nmm a2200289 a 4500
001 ocm000785950
003 TR-IsHL
005 20201028143457.0
008 140412s2014 tu eng
007 cr cn
020 _a9781312014305
035 _a785950
_b(N$T)
050 0 4 _aPT2026.F2
_bG64 2014
090 0 4 _aPT2026.F2
_bG64 2014
100 1 _aGoethe, Wolfgang Johann von
245 1 0 _aFaust
_h[electronic resource] /
_cWolfgang Johann von Goethe
260 _aİstanbul :
_bE-Kitap Projesi,
_c2014
300 _a232 p.
650 4 _aDil ve Edebiyat
650 4 _aLanguage and Literature
650 0 _aAlman edebiyatı.
650 0 _aGerman literature.
650 0 _aAlman tiyatro oyunu.
650 0 _aGerman drama.
650 7 _aLITERARY COLLECTIONS / European / German
_2bisacsh
856 4 0 _uhttp://search.ebscohost.com/login.aspx?direct=true&scope=site&db=e011xww&AN=785950
999 _c8917
_d8917